Sống đẹp - Thắp sáng trái tim yêu thương
Enregistré dans:
| Format: | Livre |
|---|---|
| Publié: |
Hà Nội
Hà Nội
2017
|
| Sujets: | |
| Tags: |
Ajouter un tag
Pas de tags, Soyez le premier à ajouter un tag!
|
| Thư viện lưu trữ: | Trung tâm Học liệu Lê Vũ Hùng, Trường Đại học Đồng Tháp |
|---|
| LEADER | 00709pam a22002298a 4500 | ||
|---|---|---|---|
| 001 | 00042699 | ||
| 008 | 110617s1977 ||||||Viesd | ||
| 005 | 20181017081009.0 | ||
| 020 | # | # | |c 35000 |a 9786045520659 |
| 041 | 0 | # | |a Vie |
| 082 | 1 | 4 | |a 158.1 |b S455Đ |
| 245 | 1 | 0 | |a Sống đẹp - Thắp sáng trái tim yêu thương |c Nhiều tác giả |
| 260 | # | # | |a Hà Nội |b Hà Nội |c 2017 |
| 300 | # | # | |a 191 tr. |c 21 cm. |
| 653 | # | # | |a Bí quyết |
| 653 | # | # | |a Tâm lý |
| 653 | # | # | |a Cuộc sống |
| 653 | # | # | |a Hạnh phúc |
| 653 | # | # | |a Thành công |
| 852 | # | # | |j KM.0026651 |
| 910 | |d 17/10/2018 | ||
| 980 | # | # | |a Trung tâm Học liệu Lê Vũ Hùng, Trường Đại học Đồng Tháp |


